000 00776nam a2200229 a 4500
999 _c757
_d757
001 757
003 BD-JhCC
005 20201112134020.0
008 171009s2015 bg |||| |||| 001 0 b d
020 _a9844101964
035 _a(BD-JhCC)757
040 _aBD-JhCC
_dBD-JhCC
041 _aben
082 _a297.122531
_bHAB 2015
100 _aরহমান, মুহান্মদ হাবিবুর
245 _aকোরানশরিফ:
_bসরল বঙ্গানুবাদ /
_cমুহান্মদ হাবিবুর রহমান
260 _aঢাকা:
_bমাওলা ব্রাদার্স,
_c২০১৫.
300 _a৫১২ পৃ:,
_c২১ সেমি:.
650 _aQuran
_xIslam
942 _2ddc
_cBK
_01